00924cam a22002658a 45000010009000000050017000090080041000260100017000670200018000840400013001020430012001150500024001270820015001511000018001662450139001842600065003232630009003883000011003975040041004086100056004496500049005056500029005546510032005836510043006151617995820170105102840.0100409s2011 enk b 000 0 eng  a 2010013550 a9780415581165 aDLCcDLC af-sa---00aDT1974.2b.G74 201100a968.062221 aGready, Paul.14aThe era of transitional justice :bthe aftermath of the truth and reconciliation commission in South Africa and beyond /cPaul Gready. aMilton Park, Abingdon, Oxon ;aNew York :bRoutledge,c2011. a1009 ap. cm. aIncludes bibliographical references.10aSouth Africa.bTruth and Reconciliation Commission. 0aTruth commissionszSouth AfricaxEvaluation. 0aApartheidzSouth Africa. 0aHuman rightszSouth Africa. 0aSouth AfricaxPolitics and government.